Zákon o dani z nehnuteľností zákon s komentárom
Úplné znenie zákona č. 317/1992 Zb. o dani z nehnuteľností v znení neskorších zákonov a zákona č. 493/2001 Z.z. s komentárom. Týmto zákonom sa upravuje daň z nehnuteľností, ktorá zahŕňa a) daň z pozemkov, b) daň zo stavieb, c) daň z bytov a z nebytových priestorov. Vzory vyplnených tlačív.
Saved in:
| Main Author: | |
|---|---|
| Format: | Book Chapter |
| Language: | Slovak |
| Subjects: | |
| Tags: |
No Tags, Be the first to tag this record!
|
MARC
| LEADER | 00000naa a2200000 4500 | ||
|---|---|---|---|
| 001 | r048130 | ||
| 005 | 20230720081522.4 | ||
| 041 | 0 | |a slo | |
| 044 | |a SK | ||
| 245 | 1 | 0 | |a Zákon o dani z nehnuteľností |b zákon s komentárom |c Irena Bubeníková |
| 520 | |a Úplné znenie zákona č. 317/1992 Zb. o dani z nehnuteľností v znení neskorších zákonov a zákona č. 493/2001 Z.z. s komentárom. Týmto zákonom sa upravuje daň z nehnuteľností, ktorá zahŕňa a) daň z pozemkov, b) daň zo stavieb, c) daň z bytov a z nebytových priestorov. Vzory vyplnených tlačív. | ||
| 610 | 2 | 0 | |a dane z nehnuteľností |
| 610 | 2 | 0 | |a zákony |
| 610 | 2 | 0 | |a Slovensko |
| 610 | 2 | 0 | |a komentáre |
| 610 | 2 | 0 | |a 1992-2001 |
| 100 | 1 | |a Bubeníková, Irena | |